تخطي إلى المحتوى

Пределы учеб. пособие

Сборник содержит задачи по разделам математического анализа «Последовательности» и «Предел функции». Для всех задач приводятся ответы. Использовать сборник задач рекомендуется совместно с учебным пособием «Интегральное и дифференциальное исчисление функции одной переменной» того же автора. Пособие п...

وصف كامل

محفوظ في:
التفاصيل البيبلوغرافية
المؤلف الرئيسي: Рояк С. Х.
التنسيق: Книга
اللغة:Russian
منشور في: Новосибирск НГТУ 2017
الوصول للمادة أونلاين:https://e.lanbook.com/book/118321
https://e.lanbook.com/img/cover/book/118321.jpg
الوسوم: إضافة وسم
لا توجد وسوم, كن أول من يضع وسما على هذه التسجيلة!
LEADER 01780nam0a2200265 i 4500
001 118321
003 RuSpLAN
005 20221220174027.0
008 221220s2017 ru gs 000 0 rus
020 |a 978-5-7782-3128-3 
040 |a RuSpLAN 
041 0 |a rus 
044 |a ru 
080 |a 517.5(076.1) 
245 0 0 |a Пределы  |b учеб. пособие  |c Рояк С. Х. 
260 |a Новосибирск  |b НГТУ  |c 2017 
300 |a 52 с. 
500 |a Утверждено Редакционно-издательским советом университета в качестве учебного пособия 
504 |a Библиогр.: доступна в карточке книги, на сайте ЭБС Лань 
520 8 |a Сборник содержит задачи по разделам математического анализа «Последовательности» и «Предел функции». Для всех задач приводятся ответы. Использовать сборник задач рекомендуется совместно с учебным пособием «Интегральное и дифференциальное исчисление функции одной переменной» того же автора. Пособие предназначено для студентов I курса всех специальностей факультета прикладной математики и информатики. 
521 8 |a Книга из коллекции НГТУ - Математика 
100 1 |a Рояк С. Х. 
856 4 |u https://e.lanbook.com/book/118321 
856 4 8 |u https://e.lanbook.com/img/cover/book/118321.jpg 
953 |a https://e.lanbook.com/img/cover/book/118321.jpg